Statistiken für Fynn Kliemann - Dunkelblau (lyrics)

Klicken Sie hier um das Quiz zu spielen!

Allgemein

  • Dieses Quiz wurde 7 mal gespielt
  • Das Durchschnittsergebnis liegt bei 153 aus 349

Antwortstatistiken

Antwort% Korrekt
blau
100%
Blau
100%
das
100%
der
100%
Der
100%
die
100%
Die
100%
du
100%
Du
100%
dunkelblau
100%
Dunkelblau
100%
du's
100%
Ich
100%
ich
100%
Ah,
75%
dem
75%
eine
75%
es
75%
und
75%
zum
75%
zur
75%
ab
50%
Aber
50%
an
50%
an,
50%
Bis
50%
dass
50%
dein'
50%
dein
50%
den
50%
dich
50%
Doch
50%
doch
50%
Ja,
50%
mit
50%
Nicht
50%
nicht
50%
Ob
50%
seh
50%
Was
50%
weil
50%
Abschaum
25%
Atmen
25%
Auf
25%
auf,
25%
auf
25%
aufs
25%
aus
25%
brauchst
25%
braucht
25%
deinen
25%
dieser
25%
dir
25%
Drink
25%
Dunkelheit
25%
einmal
25%
einsame
25%
ertränkst
25%
färben
25%
faul
25%
Frau
25%
geht
25%
genau
25%
gesund
25%
glaub,
25%
glaub
25%
Goldene
25%
grad
25%
Grenzen
25%
Haus
25%
hier
25%
hinab
25%
hörst
25%
irgendwann
25%
is'
25%
jetzt
25%
Kehle
25%
knapp
25%
knockt
25%
K.O.,
25%
K.O.
25%
Könige
25%
Kronen
25%
letzte
25%
Licht
25%
lohnt
25%
Luft
25%
macht
25%
matt,
25%
Na,
25%
nass,
25%
noch
25%
nochmal
25%
Nur
25%
ok
25%
okay
25%
okay,
25%
Rausch
25%
Schach
25%
schimmert
25%
Schluck
25%
schon
25%
Schwerelos
25%
Sehnsucht
25%
setzt
25%
sich
25%
Sohn
25%
Stimmen
25%
stoß
25%
Stoß
25%
stoße
25%
stößt
25%
stumpfst
25%
Thron
25%
Treibst
25%
Trink
25%
tut
25%
über
25%
uns
25%
Untergang
25%
Unterwasser
25%
Vererbt
25%
versteh
25%
vertrauen
25%
vorher
25%
war
25%
weh
25%
weiß
25%
willst,
25%
Wird
25%
wird
25%
zieht
25%
als'n
0%
berührst
0%
blaue
0%
fair
0%
Grund
0%
Hinterlassenschaft
0%
Ist
0%
kettet
0%
Machst
0%
mal
0%
mehr
0%
play
0%
Summe
0%
Teilchen
0%
Trumpfst
0%
Veilchen
0%
vermag
0%

Verteilung der Resultate

Perzentil nach korrekt beantworteten Fragen

Anzahl Personen mit jedem Resultat

Ihre Resultats-Entwicklung

Sie haben dieses Quiz noch nicht gespielt